LEADER 02233 am 2200481 n 450 001 9910342952303321 005 20190606 010 $a2-7535-6642-9 024 7 $a10.4000/books.pur.97956 035 $a(CKB)4100000009609509 035 $a(FrMaCLE)OB-pur-97956 035 $a(oapen)https://directory.doabooks.org/handle/20.500.12854/44100 035 $a(PPN)267959303 035 $a(EXLCZ)994100000009609509 100 $a20191021j|||||||| ||| 0 101 0 $afre 135 $auu||||||m|||| 181 $ctxt$2rdacontent 182 $cc$2rdamedia 183 $acr$2rdacarrier 200 13$aLe corps d'une reine $eHistoire singulière d'Élisabeth de Valois (1546-1568) /$fSylvène Édouard 210 $aRennes $cPresses universitaires de Rennes$d2019 215 $a1 online resource (278 p.) 311 $a2-7535-0753-8 330 $aLe corps de la reine est celui d'Élisabeth de Valois, fille d'Henri II et de Catherine de Médicis, qui fut princesse de France puis reine d'Espagne de 1559 jusqu'à sa mort en 1568. À partir de sources diverses et originales, Sylvène Édouard propose une biographie du corps de la reine pour démontrer qu'il fut un et politique. En soulignant l'importance du langage des signes corporels dans les cours de France et d'Espagne à la fin de la Renaissance, le sujet se déplace d'une cour à l'autre, où les cultures du corps furent différentes, au point de devenir des frontières symboliques entre ces « nations ». Les signes éloquents du corps majestueux de la reine et son devoir d'enfanter un héritier révèlent aussi, de son baptême à sa mort, une pratique du don, celui de ces corps princiers qui furent éduqués pour se donner pleinement à leur dignité. 517 $acorps d'une reine 606 $aHistory 606 $acorps 606 $arois et souverains 606 $aValois 610 $aValois 610 $arois et souverains 610 $acorps 615 4$aHistory 615 4$acorps 615 4$arois et souverains 615 4$aValois 700 $aÉdouard$b Sylvène$01307102 801 0$bFR-FrMaCLE 906 $aBOOK 912 $a9910342952303321 996 $aLe corps d'une reine$93028676 997 $aUNINA LEADER 02575oam 2200553M 450 001 9910153191003321 005 20230808200639.0 010 $a1-315-53702-8 010 $a1-134-99234-3 010 $a1-134-99227-0 035 $a(CKB)3710000000960753 035 $a(MiAaPQ)EBC4748548 035 $a(OCoLC)1007181704 035 $a(OCoLC-P)1007181704 035 $a(FlBoTFG)9781315537023 035 $a(BIP)57468281 035 $a(BIP)63819336 035 $a(EXLCZ)993710000000960753 100 $a20160913e20161985 uy 0 101 0 $aeng 135 $aur||||||||||| 181 $2rdacontent 182 $2rdamedia 183 $2rdacarrier 200 10$aGerman temporal semantics $ethree-dimensional tense logic and a GPSG fragment /$fJohn A. Nerbonne 210 1$aLondon :$cRoutledge,$d2016. 215 $a1 online resource (295 pages) $cillustrations 225 0 $aRoutledge Library Editions. Semantics and Semiology ;$vVolume 10 300 $aOriginally published: 1985. 311 08$a1-138-69032-5 311 08$a1-138-69031-7 320 $aIncludes bibliographical references. 330 $aFirst published in 1985, this book analyses temporal meaning in German. The framework is that of a model-theoretic semantics, more specifically one incorporating a multi-dimensional tense logic. The first chapter presents this logic and argues that three dimensions are optimal for the description of natural language temporalia. The second chapter applies this theory to the analysis of temporal meaning in German. Frame adverbials, the Present and Past Tenses, duratives, aspectual adverbials using in, and the adverbials particle schon are examined. Chapter 3 provides a formal syntax to bear the semantic analysis proposed in the second chapter and the final chapter explores syntactic and semantic extensions of the fragment, showing how the Perfect, the particle noch, the passive, and a distinct reading of frame adverbials may be accommodated. 606 $aGerman language$xTemporal constructions 606 $aGerman language$xSemantics 606 $aGerman language$xGrammar, Generative 606 $aTense (Logic) 615 0$aGerman language$xTemporal constructions. 615 0$aGerman language$xSemantics. 615 0$aGerman language$xGrammar, Generative. 615 0$aTense (Logic) 676 $a435 700 $aNerbonne$b John A.$f1951-$0223043 801 0$bOCoLC-P 801 1$bOCoLC-P 906 $aBOOK 912 $a9910153191003321 996 $aGerman temporal semantics$92882920 997 $aUNINA